Càng nhớ Bác Hồ : Hồi ký

Enregistré dans:
Détails bibliographiques
Auteur principal: Vũ, Kỳ
Format: Livre
Langue:Undetermined
Publié: Hà Nội Chính trị Quốc gia 2005
Sujets:
Tags: Ajouter un tag
Pas de tags, Soyez le premier à ajouter un tag!
Thư viện lưu trữ: Trung tâm Học liệu Trường Đại học Cần Thơ
LEADER 00551nam a2200217Ia 4500
001 CTU_74606
008 210402s9999 xx 000 0 und d
020 |b 27000 
082 |a 324.2075092 
082 |b K600 
100 |a Vũ, Kỳ 
245 0 |a Càng nhớ Bác Hồ : 
245 0 |b Hồi ký 
245 0 |c Vũ Kỳ 
260 |a Hà Nội 
260 |b Chính trị Quốc gia 
260 |c 2005 
650 |a Ho Chi Minh 
650 |x Biography 
904 |i Minh 
980 |a Trung tâm Học liệu Trường Đại học Cần Thơ